| 000 | 02702nam a22002297a 4500 | ||
|---|---|---|---|
| 003 | CO-CtgCURN | ||
| 005 | 20251107213858.0 | ||
| 008 | 251107b |||||||| |||| 00| 0 eng d | ||
| 040 |
_aCO-CtgCURN _bspa _ccoctgcurn |
||
| 082 |
_aINQ 2025 _bT686 |
||
| 100 | _aToro Pajaro, Yoleidis | ||
| 245 |
_aAnálisis dofa del hospital naval nivel iii de Cartagena en el primer periodo del año 2025 _cYoleidis Toro Pajaro; Asesores: Stephanye Carrillo Gonzalez; Claudia Suehey Romero Escobar |
||
| 260 |
_aCartagena de Indias _bCorporación Universitaria Rafael Núñez _c2025 |
||
| 300 | _a41 hojas | ||
| 504 | _aTrabajo de grado (Instrumentación quirúrgica). Corporación Universitaria Rafael Núñez. Facultad de Ciencias de la Salud. Instrumentación Quirúrgica, 2025. | ||
| 520 | _aLa Práctica Social es una opción que tiene el estudiante de UNINÚÑEZ para obtener el título de Instrumentador (a) Quirúrgico (a) y consiste en una práctica programada en un IPS (Institución Prestadora de los Servicios de Salud) de la ciudad, públicas o privadas en el segundo o tercer nivel de atención de salud, en las cuales el estudiante aplica las competencias asistenciales, administrativas, pedagógicas, investigativas y comunitarias de su formación, en donde se presenta un informe final sobre la labor realizada de acuerdo a las pautas que establece el comité de proyección social/prácticas formativas (1). La transición del aula universitaria al entorno profesional representa una etapa crucial en la formación de todo futuro profesional del área de la salud. La práctica social en la IPS permite sumergirse en la dinámica real de la atención en salud, dado que, el estudiante tiene la oportunidad de involucrarse en todos los procesos que se llevan a cabo en la institución prestadora de salud y así consolidar y expandir el saber adquirido durante el tiempo de estudios. Esta opción de grado le permite al estudiante no solo afianzar su conocimiento, sino que, también permite desarrollar habilidades en el contexto práctico u asistencial. La práctica social permite al estudiante poner en práctica la formación integral que ha recibido en el periodo académico con la teoría y la praxis, preparándose así de manera más efectiva para el desarrollo profesional (1). | ||
| 650 |
_aInstrumentación quirúrgica _yTesis y disertaciones académicas |
||
| 700 |
_aCarrillo Gonzalez, Stephanye _easesor |
||
| 700 | _aRomero Escobar,. Claudia Suehey | ||
| 856 |
_uhttps://unicurn.sharepoint.com/:b:/s/biblioteca/EcN_0TiZaQ1Kgw3ZRDBuDdcBVdX8DuBz0JPG6PltwHC6gA?e=727OTe _zclic aqui para ver el texto completo |
||
| 942 |
_2ddc _cTG _hINQ 2025 _iT686 _n0 |
||
| 999 |
_c50236 _d50236 |
||